| 000 | 00956caa a22002417a 4500 | ||
|---|---|---|---|
| 999 |
_c409869 _d409869 |
||
| 001 | 123086 | ||
| 003 | UA-OsUOA | ||
| 005 | 20200111203620.0 | ||
| 007 | ta | ||
| 008 | 20170531b un ||||| |||| 00| 0 ukr d | ||
| 040 |
_aUA-OsUOA _bukr _cUA-OsUOA _dUA-OsUOA |
||
| 041 | _aukr | ||
| 080 | _a908 | ||
| 090 |
_a908 _bГ61 |
||
| 100 | _aГолобуцький В. | ||
| 245 |
_aСоціально-політичне й економічне становище України наприкінці XVІ – на початку XVIІ століття _cВ. Голобуцький |
||
| 300 | _aС. 193–234 | ||
| 650 | 7 |
_a908 Краєзнавство _2UDC |
|
| 773 | 0 |
_0318844 _9335454 _aГолобуцький Володимир _dКиїв Вища школа 1994 _o75155 _tЗапорозьке козацтво _w(UA-OsUOA) 32401 _z5-11-003970-4 |
|
| 942 |
_cBKA _2udc |
||
| 955 | _a1 | ||